Statistics for All NBA Teams Predictions

Click here to take the quiz!

General Stats

  • This quiz has been taken 8 times
  • The average score is 11 of 15

Answer Stats

PositionPlayer% Correct
SFLeBron James
100%
PGSteph Curry
100%
PGRussell Westbrook
100%
PGKyrie Irving
100%
SGJames Harden
80%
SFKawhi Leonard
80%
SFKevin Durant
80%
PGDamian Lillard
60%
PFGiannis Antetokounmpo
60%
CJoel Embiid
60%
SFPaul George
60%
CNikola Jokic
60%
SGKlay Thompson
60%
CKarl Anthony-Towns
40%
PFLaMarcus Aldridge
20%

Score Distribution

Percentile by Number Answered

Percent of People with Each Score

Your Score History

You have not taken this quiz